| 000 | 01373nam a22003135i 4500 | ||
|---|---|---|---|
| 999 |
_c27679 _d27650 |
||
| 003 | EG-ScBUE | ||
| 005 | 20191014150953.0 | ||
| 008 | 191014s2009 ua a f b 000 0 ara d | ||
| 017 | _a2009 / 21765 | ||
| 020 | _a9789774033685 | ||
| 040 |
_aEG-ScBUE _bara _erda _cEG-ScBUE _dEG-ScBUE |
||
| 043 | _aa------ | ||
| 082 | 0 | 4 |
_a338.95 _bد و ر _222 |
| 245 | 0 | 0 |
_aدور الدولة بين الاستمرارية والتغير في الخبرة الآسيوية / _cأ. د. جابر عوض. |
| 246 | 3 | 4 | _aRole of the state between continuity and change in Asian experience |
| 264 | 1 |
_aالجيزة، مصر : _bمركز الدراسات الآسيوية، كلية الاقتصاد والعلوم السياسية، جامعة القاهرة، _c2009. |
|
| 300 |
_a388 صفحة : _bإيضاحيات ؛ _c24 سم |
||
| 336 |
_aنص _btxt _2rdacontent |
||
| 337 |
_aبدون وسيط _bn _2rdamedia |
||
| 338 |
_aمجلد _bnc _2rdacarrier |
||
| 504 | _aيشتمل على إرجاعات ببليوجرافية. | ||
| 541 |
_aDr. Gamal Selim ; _cDonation ; |
||
| 650 | 7 |
_aالتنمية الاقتصادية _zآسيا. _2BUEsh |
|
| 651 | 7 |
_aآسيا _xأحوال اقتصادية. _2BUEsh _927981 |
|
| 651 | 7 |
_aآسيا _xسياسة وحكومة. _2BUEsh |
|
| 653 |
_bBUSBOL _bMASPPSS _cOctober2019 |
||
| 700 | 1 |
_aعوض، جابر سعيد، _eمحرر. |
|
| 942 | _2ddc | ||